| 000 | 00866nam a2200253#a 4500 | ||
|---|---|---|---|
| 001 | 00886 | ||
| 003 | HDC | ||
| 007 | ta | ||
| 008 | 230623s2009 xx 000 0 eng d | ||
| 020 | _a9789834088446 (pbk.). | ||
| 040 | _aHDC | ||
| 050 |
_a HD 30.28 _b .P36 2009 C6 |
||
| 245 | 0 |
_aPanduan langkah demi langkah memulakan perniagaan / _c Perbadanan Pembangunan Industri Kecil dan Sederhana |
|
| 264 |
_aKuala Lumpur : _bPerbadanan Pembangunan Industri Kecil dan Sederhana, _c2009 |
||
| 300 |
_a112p. : _b ill. ; _c 29cm. + _e 1 computer optical discs (4 3/4 in.) |
||
| 650 | _aBusiness -- Handbooks, manuals, etc. | ||
| 650 |
_aBusiness planning _vHandbooks, manuals, etc. |
||
| 650 | _aSuccess in business | ||
| 700 | _aPerbadanan Pembangunan Industri Kecil dan Sederhana | ||
| 942 | _2lcc | ||
| 942 | _cBK | ||
| 942 | _k HD 30.28 | ||
| 942 | _m .P36 2009 C6 | ||
| 999 |
_c22490 _d22490 |
||